| 000 | 00836nam a2200229 4500 | ||
|---|---|---|---|
| 001 | 18279 | ||
| 003 | DO-SdUEMH | ||
| 005 | 20251223170729.0 | ||
| 007 | ta | ||
| 008 | 251223b1984 dr a|||gr|||| 00| 0 spa d | ||
| 040 |
_aDO-SdUEMH _bspa _erda |
||
| 041 | _aspa | ||
| 082 | 0 | 4 |
_mRD _bS181o |
| 245 | _aSalud oral: el proceso hacia un nuevo enfoque / | ||
| 264 | 1 |
_aPuerto Plata, Republica Dominicana : _bOrganización panamericana de la salud, _c1984 |
|
| 300 |
_a216 paginas : _bIlustraciones ; _c23 cm. |
||
| 336 |
_2rdacontent _atexto _btxt |
||
| 337 |
_2rdamedia _asin mediación _bn |
||
| 338 |
_2rdacarrier _avolumen _bnc |
||
| 505 | 2 | _aPresentación -- Relato general -- Ponencias -- Producción de conocimientos -- Producción de servicios -- Desarrollo de recursos humanos -- anexos -- Lista de participantes. | |
| 942 |
_2ddc _n0 _cBK |
||
| 999 |
_c18279 _d18279 |
||